[Event "FRA-chT2 1112"]
[Site "France"]
[Date "2012.02.15"]
[Round "6.2"]
[White "Renard, Stephane"]
[Black "Kovarcik, Guillaume"]
[Result "1/2-1/2"]
[WhiteElo "1963"]
[BlackElo "2166"]
[PlyCount "50"]
[EventDate "2011.12.11"]
[EventType "team-tourn"]
[EventRounds "11"]
[EventCountry "FRA"]
[SourceTitle "EXT 2019"]
[Source "ChessBase"]
[SourceDate "2018.10.10"]
[SourceVersion "1"]
[SourceVersionDate "2018.10.10"]
[SourceQuality "1"]

1. f4 d5 2. Nf3 g6 3. e3 Bg7 4. d4 h5 5. Bd3 Nh6 6. 0-0 Bf5 7. c4 c6 8. Nc3 e6 9. b4 Nd7 10. a4 0-0 11. a5 a6 12. Ra2 b5 13. c5 Bxd3 14. Qxd3 f5 15. h4 Ng4 16. g3 Ndf6 17. Ne5 Qe8 18. Kg2 Kh7 19. Re2 Rd8 20. Rd1 Rc8 21. Nb1 Ne4 22. Nd2 Bxe5 23. dxe5 Nxd2 24. Rexd2 Rc7 25. Bb2 Qe7 1/2-1/2

[Event "FRA-chT Gp-B"]
[Site "France"]
[Date "2004.01.31"]
[Round "2"]
[White "Kovarcik, Guillaume"]
[Black "Renet, Olivier"]
[Result "0-1"]
[WhiteElo "2192"]
[BlackElo "2517"]
[PlyCount "55"]
[EventDate "2004.01.30"]
[EventType "team"]
[EventRounds "7"]
[EventCountry "FRA"]
[SourceTitle "CBM 098 Extra"]
[Source "ChessBase"]
[SourceDate "2004.03.10"]
[SourceVersion "2"]
[SourceVersionDate "2004.03.10"]
[SourceQuality "1"]
[WhiteTeam "Strasbourg"]
[BlackTeam "Monaco"]
[WhiteTeamCountry "FRA"]
[BlackTeamCountry "FRA"]

1. Nc3 d5 2. e4 c6 3. f4 dxe4 4. Nxe4 Nf6 5. Nf2 g6 6. g3 Bg7 7. Bg2 0-0 8. Nf3 Nbd7 9. 0-0 Re8 10. Nd3 a5 11. a4 Ng4 12. h3 Nh6 13. Kh2 f6 14. Qe2 Nf7 15. Re1 Nd6 16. Nf2 e5 17. fxe5 Nxe5 18. Qf1 Nxf3+ 19. Bxf3 Be6 20. d3 Qb6 21. b3 Nf5 22. Bg2 Qc5 23. Re2 Bd5 24. Ba3 Bxg2 25. Qxg2 Qd5 26. Ne4 Nd4 27. Rf2 f5 28. Nd2 0-1

[Event "FRA-chT Gp-B"]
[Site "France"]
[Date "2004.01.30"]
[Round "1"]
[White "Prie, Eric"]
[Black "Kovarcik, Guillaume"]
[Result "1-0"]
[WhiteElo "2429"]
[BlackElo "2192"]
[PlyCount "77"]
[EventDate "2004.01.30"]
[EventType "team"]
[EventRounds "7"]
[EventCountry "FRA"]
[SourceTitle "CBM 098 Extra"]
[Source "ChessBase"]
[SourceDate "2004.03.10"]
[SourceVersion "2"]
[SourceVersionDate "2004.03.10"]
[SourceQuality "1"]
[WhiteTeam "Montpellier"]
[BlackTeam "Strasbourg"]
[WhiteTeamCountry "FRA"]
[BlackTeamCountry "FRA"]

1. d4 d5 2. Bg5 c6 3. a3 h6 4. Bh4 Qb6 5. Ra2 Bf5 6. e3 e6 7. c4 Nd7 8. Nc3 Ngf6 9. c5 Qd8 10. b4 Be7 11. Bd3 Bxd3 12. Qxd3 e5 13. Nge2 0-0 14. f3 Nh7 15. Bg3 Bh4 16. 0-0 Bxg3 17. Nxg3 exd4 18. exd4 g6 19. b5 Qf6 20. f4 b6 21. f5 bxc5 22. fxg6 Qxg6 23. Nf5 Kh8 24. dxc5 Ne5 25. Qd4 f6 26. Ne7 Qe8 27. Nxc6 Nxc6 28. bxc6 Qxc6 29. Ne2 Rfe8 30. Rc2 Re4 31. Qd2 Ng5 32. Ng3 Rc4 33. Rxc4 dxc4 34. Qd4 Nh7 35. Qxc4 Rc8 36. Rc1 Re8 37. Nf5 Re4 38. Qd3 Qe8 39. Nd6 1-0

[Event "FRA-chT2S"]
[Site "France"]
[Date "2003.03.15"]
[Round "8.7"]
[White "Boursier, Julien"]
[Black "Kovarcik, Guillaume"]
[Result "1/2-1/2"]
[WhiteElo "2065"]
[BlackElo "2193"]
[PlyCount "84"]
[EventDate "2002.10.??"]
[EventType "team"]
[EventRounds "11"]
[EventCountry "FRA"]
[SourceTitle "EXT 2004"]
[Source "ChessBase"]
[SourceDate "2003.11.25"]
[SourceVersion "1"]
[SourceVersionDate "2003.11.25"]
[SourceQuality "1"]

1. d4 d5 2. c4 c6 3. cxd5 cxd5 4. Nf3 Nf6 5. Nc3 Nc6 6. Bf4 a6 7. e3 e6 8. Bd3 Be7 9. 0-0 0-0 10. Rc1 Bd7 11. Ne5 Rc8 12. Bg3 Qb6 13. Na4 Qa5 14. Nxd7 Nxd7 15. a3 b5 16. Nc5 Nxc5 17. b4 Qxa3 18. bxc5 Nb4 19. Be2 Na2 20. Ra1 b4 21. Bd3 b3 22. Bb1 g6 23. Qd3 Qb2 24. Bxa2 bxa2 25. Rfc1 Rc6 26. Qc2 Qxc2 27. Rxc2 Bf6 28. Rcxa2 Ra8 29. Rb1 Bd8 30. Be5 f6 31. Bd6 a5 32. Rab2 a4 33. Rb8 Rc8 34. Rxc8 Rxc8 35. Ra1 Ra8 36. Kf1 Kf7 37. Ke2 Be7 38. Bxe7 Kxe7 39. Kd3 e5 40. Kc3 Kd7 41. Ra2 Kc6 42. Rb2 a3 1/2-1/2

[Event "FRA-chT2S"]
[Site "France"]
[Date "2003.01.18"]
[Round "5.8"]
[White "Kovarcik, Guillaume"]
[Black "Hileyan, Michel"]
[Result "1-0"]
[WhiteElo "2193"]
[BlackElo "2089"]
[PlyCount "88"]
[EventDate "2002.10.??"]
[EventType "team"]
[EventRounds "11"]
[EventCountry "FRA"]
[SourceTitle "EXT 2004"]
[Source "ChessBase"]
[SourceDate "2003.11.25"]
[SourceVersion "1"]
[SourceVersionDate "2003.11.25"]
[SourceQuality "1"]

1. Nc3 d6 2. e4 Nf6 3. d4 e5 4. Nf3 Nbd7 5. Bc4 Be7 6. 0-0 0-0 7. a4 c6 8. Qe2 exd4 9. Nxd4 Ne5 10. Bb3 c5 11. Ndb5 a6 12. Na3 Nc6 13. Bd5 Nd4 14. Qd1 Rb8 15. Be3 Nc6 16. Qe2 Ng4 17. Bf4 Nd4 18. Qd2 Bf6 19. a5 Be5 20. Bxe5 Nxe5 21. f4 Ng4 22. h3 Nf6 23. Nc4 Nxd5 24. Nxd5 Be6 25. Nce3 Re8 26. Rae1 Nc6 27. f5 Bxd5 28. exd5 Ne5 29. f6 Ng6 30. fxg7 Qg5 31. Qf2 Ne5 32. Ng4 Qxg7 33. Nf6+ Kh8 34. Nxe8 Rxe8 35. Re3 Rg8 36. Qf6 Nc4 37. Re7 Qxf6 38. Rxf6 Ne5 39. Rxd6 Nf3+ 40. Kf2 Nd4 41. Rxf7 Nxc2 42. Rdd7 Re8 43. Rxh7+ Kg8 44. Rdg7+ Kf8 1-0

[Event "Banyoles op-A 5th"]
[Site "Banyoles"]
[Date "2002.08.08"]
[Round "6"]
[White "Kovarcik, Guillaume"]
[Black "Campos Moreno, Javier B"]
[Result "0-1"]
[WhiteElo "2185"]
[BlackElo "2493"]
[PlyCount "34"]
[EventDate "2002.08.02"]
[EventType "swiss"]
[EventRounds "9"]
[EventCountry "ESP"]
[SourceTitle "CBM 089 Extra"]
[Source "ChessBase"]
[SourceDate "2002.09.10"]
[SourceVersion "2"]
[SourceVersionDate "2002.09.10"]
[SourceQuality "1"]

1. e4 c5 2. Nc3 Nc6 3. f4 g6 4. Nf3 Bg7 5. Bb5 Nd4 6. 0-0 a6 7. Be2 e6 8. d3 Ne7 9. Be3 d5 10. Bf2 Qc7 11. e5 Nec6 12. Qd2 Bd7 13. Bh4 h6 14. Rae1 b5 15. Nd1 Nf5 16. Bf2 g5 17. Bxc5 g4 0-1

[Event "Banyoles op-A 5th"]
[Site "Banyoles"]
[Date "2002.08.06"]
[Round "4"]
[White "Kovarcik, Guillaume"]
[Black "De Prada Pareja, Javier"]
[Result "1-0"]
[WhiteElo "2185"]
[BlackElo "2013"]
[PlyCount "91"]
[EventDate "2002.08.02"]
[EventType "swiss"]
[EventRounds "9"]
[EventCountry "ESP"]
[SourceTitle "CBM 089 Extra"]
[Source "ChessBase"]
[SourceDate "2002.09.10"]
[SourceVersion "2"]
[SourceVersionDate "2002.09.10"]
[SourceQuality "1"]

1. Nc3 Nf6 2. e4 e5 3. g3 g6 4. Bg2 Bg7 5. Nf3 Nc6 6. 0-0 0-0 7. d3 d6 8. h3 Nd4 9. Nxd4 exd4 10. Ne2 Nd7 11. c3 c5 12. cxd4 cxd4 13. b3 Nb8 14. Bb2 Nc6 15. Qd2 Qb6 16. f4 f5 17. exf5 gxf5 18. Ba3 Rf6 19. Kh2 a5 20. Rfe1 Rg6 21. Ng1 Be6 22. Rxe6 Rxe6 23. Bd5 Rae8 24. Bxd6 Kh8 25. Bxe6 Rxe6 26. Re1 Rxd6 27. Re8+ Bf8 28. Rxf8+ Kg7 29. Rxf5 Re6 30. Rg5+ Kf6 31. Qd1 Qb4 32. Rh5 Re1 33. Rh6+ Ke7 34. Rxh7+ Kd6 35. Rh6+ Kc7 36. Qc2 Qe7 37. Qf2 Re3 38. f5 Nb4 39. Qf4+ Kc8 40. Rh8+ Kd7 41. Qxd4+ Kc7 42. f6 Re2+ 43. Nxe2 Qxe2+ 44. Kg1 Nxd3 45. Qd8+ Kc6 46. Qe8+ 1-0

[Event "Banyoles op-A 5th"]
[Site "Banyoles"]
[Date "2002.08.05"]
[Round "3"]
[White "Mirzoev, Azer"]
[Black "Kovarcik, Guillaume"]
[Result "1-0"]
[WhiteElo "2498"]
[BlackElo "2185"]
[PlyCount "77"]
[EventDate "2002.08.02"]
[EventType "swiss"]
[EventRounds "9"]
[EventCountry "ESP"]
[SourceTitle "CBM 089 Extra"]
[Source "ChessBase"]
[SourceDate "2002.09.10"]
[SourceVersion "2"]
[SourceVersionDate "2002.09.10"]
[SourceQuality "1"]

1. d4 d5 2. Nf3 c6 3. c4 Nf6 4. Nc3 dxc4 5. a4 Bf5 6. e3 e6 7. Bxc4 Bb4 8. 0-0 0-0 9. Qe2 Bg6 10. Ne5 Nbd7 11. Nxg6 hxg6 12. Rd1 Qa5 13. Bd2 Rfd8 14. Be1 Qh5 15. h3 Qxe2 16. Bxe2 a5 17. Bf3 Nb6 18. Kf1 Rd7 19. Rdc1 Re7 20. b3 Rd8 21. Rd1 Rde8 22. Rac1 e5 23. Nb1 Bxe1 24. Kxe1 e4 25. Be2 Nfd5 26. Rc5 Ra8 27. Na3 Nd7 28. Rcc1 N7b6 29. Kd2 Kf8 30. Bc4 Nxc4+ 31. bxc4 Nb4 32. c5 Rae8 33. h4 Rd7 34. Rh1 Rd5 35. g4 Ke7 36. Nc4 Rdd8 37. g5 Rh8 38. Rcg1 Rde8 39. Rg4 1-0

[Event "FRA-ch qual"]
[Site "Bescanon"]
[Date "1999.08.18"]
[Round "1"]
[White "Claverie, Christophe"]
[Black "Kovarcik, Guillaume"]
[Result "1/2-1/2"]
[WhiteElo "2306"]
[BlackElo "2162"]
[PlyCount "57"]
[EventDate "1999.08.18"]
[EventType "swiss"]
[EventRounds "11"]
[EventCountry "FRA"]
[SourceTitle "EXT 2000"]
[Source "ChessBase"]
[SourceDate "1999.11.16"]
[SourceVersion "1"]
[SourceVersionDate "1999.11.16"]
[SourceQuality "1"]

1. c4 c6 2. d4 d5 3. Nc3 dxc4 4. a4 Nf6 5. e3 Bf5 6. Bxc4 e6 7. Nf3 Bb4 8. 0-0 0-0 9. Qe2 Bg6 10. Ne5 Nbd7 11. Rd1 Nxe5 12. dxe5 Nd7 13. f4 Qe7 14. Na2 Nb6 15. b3 Nxc4 16. Qxc4 Rfd8 17. Bb2 Bc5 18. Bd4 Bxd4 19. exd4 a5 20. Nc3 h6 21. Qc5 Qh4 22. g3 Qg4 23. Qc4 Qf3 24. Rac1 Qe3+ 25. Kf1 Bh5 26. Qd3 Qxd3+ 27. Rxd3 Bg6 28. Rd2 Ra6 29. Na2 1/2-1/2

[Event "Montpellier op-A"]
[Site "Montpellier"]
[Date "1999.??.??"]
[Round "1"]
[White "Flear, Glenn C"]
[Black "Kovarcik, Guillaume"]
[Result "1-0"]
[WhiteElo "2484"]
[BlackElo "2165"]
[PlyCount "101"]
[EventDate "1999.??.??"]
[EventType "swiss"]
[EventRounds "9"]
[EventCountry "FRA"]
[SourceTitle "EXT 2001"]
[Source "ChessBase"]
[SourceDate "2000.11.22"]
[SourceVersion "1"]
[SourceVersionDate "2000.11.22"]
[SourceQuality "1"]

1. d4 d5 2. c4 c6 3. Nc3 dxc4 4. e4 b5 5. a4 b4 6. Na2 Nf6 7. e5 Nd5 8. Bxc4 a5 9. Nf3 e6 10. 0-0 Ba6 11. Bg5 Qb6 12. Qd3 Bxc4 13. Qxc4 c5 14. Nc1 h6 15. Bd2 Nd7 16. Nb3 cxd4 17. Rac1 Be7 18. Rfe1 0-0 19. Nfxd4 Qb7 20. Nc6 Bd8 21. h3 Kh8 22. Re4 Rc8 23. Qb5 Qxb5 24. axb5 Ra8 25. Ra1 Bb6 26. Ncxa5 Nc5 27. Nxc5 Bxc5 28. Rc4 Be7 29. Rcc1 Rfb8 30. Nc6 Rxa1 31. Rxa1 Rxb5 32. Ra7 Bc5 33. Rxf7 Rb6 34. Na5 Bd4 35. Nc4 Rc6 36. b3 Bc3 37. Kf1 Ra6 38. Ke2 Ra2 39. Kd3 Bxd2 40. Nxd2 Kg8 41. Rf3 Rb2 42. h4 h5 43. g3 g6 44. Ke2 Nc3+ 45. Ke1 Ra2 46. Nc4 Nd5 47. Rd3 Kg7 48. Ne3 Nxe3 49. Rxe3 Rb2 50. Rf3 Kg8 51. Rf6 1-0

[Event "FRA-chT"]
[Site "France"]
[Date "1999.??.??"]
[Round "11"]
[White "Kovarcik, Guillaume"]
[Black "Harovelo, Ingmar"]
[Result "1/2-1/2"]
[WhiteElo "2165"]
[BlackElo "2295"]
[PlyCount "90"]
[EventDate "1999.02.??"]
[EventType "team"]
[EventRounds "11"]
[EventCountry "FRA"]
[SourceTitle "EXT 2000"]
[Source "ChessBase"]
[SourceDate "1999.11.16"]
[SourceVersion "1"]
[SourceVersionDate "1999.11.16"]
[SourceQuality "1"]

1. Nc3 c5 2. e4 g6 3. f4 Bg7 4. Nf3 Nc6 5. Bb5 Nd4 6. 0-0 Nxb5 7. Nxb5 d6 8. d3 Nf6 9. Qe1 Bg4 10. e5 dxe5 11. fxe5 Nd5 12. Ng5 Qb6 13. Nd6+ exd6 14. exd6+ Kd8 15. Nxf7+ Kd7 16. Nxh8 Bd4+ 17. Kh1 Rxh8 18. c3 Bf6 19. Rxf6 Nxf6 20. Qe7+ Kc8 21. Qxf6 Re8 22. Bf4 Qxb2 23. Rf1 Qf2 24. Bg3 Qxf6 25. Rxf6 Be6 26. a3 Kd7 27. h4 b5 28. h5 gxh5 29. Rh6 Bf5 30. Rxh5 Rf8 31. Rg5 Rf7 32. Kg1 Bg6 33. d4 cxd4 34. cxd4 a5 35. Be1 Kxd6 36. Bxa5 Bd3 37. Bb4+ Ke6 38. d5+ Kf6 39. Rg3 Be4 40. d6 Ke6 41. Rg5 Bg6 42. Rg3 Be4 43. Re3 Kd5 44. Rc3 Kd4 45. Rc1 Bd3 1/2-1/2

[Event "FRA-chT"]
[Site "France"]
[Date "1998.05.09"]
[Round "9"]
[White "Tagnon, Nicole"]
[Black "Kovarcik, Guillaume"]
[Result "1/2-1/2"]
[WhiteElo "2080"]
[BlackElo "2090"]
[PlyCount "104"]
[EventDate "1998.02.06"]
[EventType "team"]
[EventRounds "11"]
[EventCountry "FRA"]
[SourceTitle "CBM 064 Extra"]
[Source "ChessBase"]
[SourceDate "1998.07.07"]
[SourceVersion "1"]
[SourceVersionDate "1998.07.07"]
[SourceQuality "1"]

1. e4 d5 2. exd5 Qxd5 3. Nc3 Qa5 4. d4 c6 5. Nf3 Nf6 6. Bd2 Bf5 7. Ne5 Nbd7 8. Nc4 Qd8 9. Bf4 Nb6 10. Ne5 h6 11. Be2 e6 12. 0-0 Bd6 13. Bg3 0-0 14. Bf3 Qc7 15. Qe2 Nbd7 16. Nd1 Rab8 17. Ne3 Rbd8 18. Nxf5 exf5 19. Rfe1 Rfe8 20. h4 Re7 21. Qd3 g6 22. Qc3 Rde8 23. Nxd7 Qxd7 24. Rxe7 Rxe7 25. Bxd6 Qxd6 26. Qd2 Kg7 27. c4 Ne4 28. Qd3 Qf6 29. g3 g5 30. hxg5 hxg5 31. Re1 Nc5 32. Qd2 Rxe1+ 33. Qxe1 Qxd4 34. Qe7 Ne6 35. Qxb7 g4 36. Bxc6 f4 37. Be8 Ng5 38. Qd5 Nh3+ 39. Kh1 Nxf2+ 40. Kh2 fxg3+ 41. Kxg3 Qe3+ 42. Kg2 Qxe8 43. Kxf2 Kg6 44. Qd6+ Kg5 45. Qd2+ Kg6 46. Qd4 f5 47. c5 Qc6 48. Qe3 Kf7 49. b4 Qe4 50. Qb3+ Ke7 51. Qe3 a6 52. Qc3 Kd7 1/2-1/2

[Event "Cannes Martinez op"]
[Site "Cannes"]
[Date "1996.??.??"]
[Round "5"]
[White "Laurain, Dominique"]
[Black "Kovarcik, Guillaume"]
[Result "1/2-1/2"]
[WhiteElo "2140"]
[BlackElo "2090"]
[PlyCount "82"]
[EventDate "1996.08.??"]
[EventType "swiss"]
[EventRounds "9"]
[EventCountry "FRA"]
[SourceTitle "EXT 1998"]
[Source "ChessBase"]
[SourceDate "1997.11.17"]
[SourceVersion "1"]
[SourceVersionDate "1997.11.17"]
[SourceQuality "1"]

1. d4 d5 2. c4 Nc6 3. e3 e5 4. dxe5 d4 5. a3 Be6 6. Nf3 dxe3 7. Qxd8+ Rxd8 8. Bxe3 Nge7 9. Nbd2 Ng6 10. Ng5 Ncxe5 11. Nxe6 fxe6 12. 0-0-0 Be7 13. Be2 0-0 14. g3 Nd3+ 15. Bxd3 Rxd3 16. Ne4 Rdd8 17. Rxd8 Rxd8 18. Rd1 Rxd1+ 19. Kxd1 Ne5 20. c5 Nc4 21. Bd4 Kf7 22. Kc2 Na5 23. f4 Nc6 24. Bc3 b6 25. cxb6 cxb6 26. h4 e5 27. Ng5+ Bxg5 28. hxg5 Ke6 29. Kd3 Kf5 30. Ke3 exf4+ 31. gxf4 g6 32. a4 Ne7 33. Be5 Nc6 34. Bc3 Nd8 35. b4 Ne6 36. Be5 a6 37. Bb8 b5 38. axb5 axb5 39. Bd6 Nd8 40. Kd4 Ne6+ 41. Ke3 Nd8 1/2-1/2